Pokladnica ako systém pre peniaze

Predstavy o systéme štátnej pokladnice. Prehľadnosť a efektívnosť pri nakladaní s verejnými financiami ako nevyhnutnosť. Význam štátnej pokladnice. Klienti štátnej pokladnice.

Guardado en:
Detalles Bibliográficos
Autor principal: Žitňanský, Eduard
Formato: Capítulo de libro
Lenguaje:eslovaco
Materias:
Etiquetas: Agregar Etiqueta
Sin Etiquetas, Sea el primero en etiquetar este registro!

MARC

LEADER 00000naa a2200000 4500
001 r046943
005 20230920080913.2
041 0 |a slo 
044 |a SK 
245 1 0 |a Pokladnica ako systém pre peniaze  |c Eduard Žitňanský 
520 |a Predstavy o systéme štátnej pokladnice. Prehľadnosť a efektívnosť pri nakladaní s verejnými financiami ako nevyhnutnosť. Význam štátnej pokladnice. Klienti štátnej pokladnice. 
610 2 0 |a pokladnica štátna 
610 2 0 |a financie štátne 
610 2 0 |a financie verejné 
610 2 0 |a kontrola štátna 
610 2 0 |a rozpočet štátny 
610 2 0 |a systémy informačné 
610 2 0 |a Slovensko 
100 1 |a Žitňanský, Eduard